Význam Konstantina Jirečka pro rozvoj slavistiky a balkanistiky

Bibliographic Details
Main Author: Dorovský, Ivan, 1935-2021 (Author)
Format: Book Chapter
Language:Czech
Subjects:

MARC

LEADER 00000naa a2200000 a 4500
001 vtls000269919
003 SK-MaSNL
005 20260302145018.0
008 150501s1986 xo 0 cze
015 |a SNBRA19rr/mm-uuuuu 
035 |a CL0280033 
040 |a SNKBUCL  |b slo  |c SNKBUCL  |e AACR2 
041 0 |a cze 
044 |a xo  |c SK 
080 |a 808.1+881+39(=81)+930.85(=81):929  |2 1981 
080 |a 881  |2 1981 
080 |a 39(=81)  |2 1981 
080 |a 930.85(=81)  |2 1981 
080 |a 929  |2 1981 
080 |a 808.61/.67  |2 1981 
080 |a 886.1/.7  |2 1981 
080 |a 39(497)  |2 1981 
080 |a 930.85(497)  |2 1981 
080 |a 929 Jireček, Konstantin  |2 1981 
100 1 |a Dorovský, Ivan,  |d 1935-2021  |4 aut  |9 214409 
245 1 0 |a Význam Konstantina Jirečka pro rozvoj slavistiky a balkanistiky  |c I. Dorovský 
504 |a Bibliogr. odkazy 
600 1 7 |a Jireček, Konstantin Josef,  |d 1854-1918  |2 snkbucl  |9 204882 
650 0 7 |a slavistika  |2 snkbucl  |9 4282 
650 0 7 |a balkanistika  |2 snkbucl  |9 67012 
655 7 |a články zo zborníkov  |2 snkbucl  |9 166140 
655 7 |a články z odboru literárna veda a krásna literatúra  |2 snkbucl  |9 770045 
773 0 |t Aktuálne problémy dejín slavistiky  |d Bratislava : Ústav historických vied SAV, 1986 
850 |a Slovenská národná knižnica v Martine  |a MTA001 
852 |a SNK  |b KIS3GCP 
958 |a RK 
958 |a CZ 
958 |a LX 
958 |a NB 
958 |a SK 
958 |a BG 
992 |a RZB 
999 |c 1352113  |d 1354043